LEADER 01352nam a2200301 u 4500 001 000000105119 003 CaOOAMICUS 005 20070518130109.0 008 070518s1993 it u000 ubita u 040 $aPUL$bita$dLDB 041 1 $aita$heng 100 1 $aMack Smith, Denis,$d1920-$0(OLS)http://pul/name/64607 240 10$aGaribaldi. A great life in brief$lItaliano.$0(OLS)http://pul/title/132233 245 10$aGaribaldi /$cDenis Mack-Smith. 260 $aMilano :$bIl Giornale :$bA. Mondadori ;$aMilano :$bMondadori,$cc1993. 300 $a305 p. ;$c22 cm 490 1 $aBiblioteca storica. Età moderna ;$v11 500 $aEdizione speciale per "Il Giornale". 500 $aInclude indici. 504 $aInclude riferimenti bibliografici. 600 14$aGaribaldi, Giuseppe,$d1807-1882$xBiografia.$0(OLS)http://pul/subject/24527 830 0$aBiblioteca storica (Il Giornale)$p[Età moderna e contemporanea] ;$v11.$0(OLS)http://pul/title/132220 850 $aPUL 852 $aPUL$W1$xDP2 Filosofia 3$y112$m909. 81 COLL 1.11$j117749$qDDC 21$B117696$CPULBib$Z2$F117696 $H102234 $82 941 1 $a9 996 $6245$aGaribaldi$9(OLS)http://pul/title/132234 996 $6260$aMilano :$bIl Giornale :$bA. Mondadori$9(OLS)http://pul/publisher/79097 996 $6260$aMilano :$bMondadori$9(OLS)http://pul/publisher/50297 LEADER 01249nam a2200253 u 4500 001 000000110078 003 CaOOAMICUS 005 20080225141444.0 008 080225s1974 gw u000 u ger u 020 $a3-590-18040-4 040 $aPUL$bita$dLDB 100 1 $aCastner, Harmut.$0(OLS)http://pul/name/67438 245 14$aDie Volksrepublik China. Ein sozialistisches Modell :$bMaterialien zu Zeitgeschichte und politischen Bildung /$cHartmunt und Thilo Castner. 260 $aDüsseldorf :$bPädagogischer Verlag Schwann,$c1974. 300 $a163 p. ;$c23 cm. 504 $aInclude riferimenti bibliografici. 651 4$aCina$xPolitica e governo$ySec. XX.$0(OLS)http://pul/subject/25942 700 1 $aCastner, Thilo.$0(OLS)http://pul/name/67439 850 $aPUL 852 $aPUL$W1$xDP1 Cons. Gen., Altre Classi 1$y22$m842 A 105$j126067$qStampati$B124797$CPULBib$Z2$F124797 $H63931 $82 941 1 $a8 996 $6020$a3-590-18040-4$9(OLS)http://pul/number/137167 996 $6245$aDie Volksrepublik China. Ein sozialistisches Modell :$bMaterialien zu Zeitgeschichte und politischen Bildung$9(OLS)http://pul/title/138410 996 $6260$aDüsseldorf :$bPädagogischer Verlag Schwann$9(OLS)http://pul/publisher/71310